Çempionlar Liqasının qalibləri - Statistics

General Stats
  • This quiz has been taken 19 times
    9 since last reset
  • The average score is 13 of 24
Answer Stats
Qalib Klub % Correct
15 Real Madrid
100%
4 Ayaks
89%
5 Barselona
89%
1 Mançester Siti
89%
1 PSJ
89%
6 Bayern Münhen
78%
2 Çelsi
78%
3 İnter Milan
78%
6 Liverpul
78%
3 Mançester Yunayted
78%
7 Milan
78%
2 Yuventus
67%
2 Porto
56%
2 Benfika
44%
1 Borussiya Dortmund
44%
1 Marsel
44%
1 Hamburq
33%
1 PSV Eyndhoven
33%
1 Srvena Zvezda
22%
1 Aston Villa
11%
2 Nottingem Forest
11%
1 Feyenoord
0%
1 Seltik
0%
1 Styaua Buxarest
0%
No matching quizzes found
Score Distribution
Percent of People with Each Score
Percentile by Number Answered
Your Score History
You have not taken this quiz since the last reset